| 000 | 00504nam a22001932 4500 | ||
|---|---|---|---|
| 001 | 0000002313 | ||
| 005 | 20170406114127.0 | ||
| 008 | 140306s xx 000 0 eng d | ||
| 020 | _c$ | ||
| 040 |
_aYour Holding Symbol _cYour Holding Symbol |
||
| 100 | 1 | _aCobb,Douglas. | |
| 245 | 1 | 0 | _a1.2.3 for business. |
| 250 | _a2nd ed. | ||
| 260 |
_aIndiana : _bCorporation, _c1987. |
||
| 300 |
_a505 p. : _bill ; _c cm. |
||
| 504 | _aindex. | ||
| 650 | 0 | _abusiness. | |
| 908 | _a140306 | ||
| 999 |
_c2204 _d2204 |
||